000 00803nam a22002177a 4500
005 20100803103830.0
010 _aENG-97861
020 _a8183243452
_c695.00
035 _aEN-81394
037 _bDBAD/PUB
082 _a305.8
100 _aBurman,J J Roy
_97111
245 _aEthnography of a denotified tribe :
_bThe Laman Banjara /
_cBY J J Roy Burman
260 _aNew Delhi
_bMittal Publications
_c2010
270 _a4594/9 Daryaganj
_bNew Delhi
_e110002
300 _axv,190p
_b ill,36 colour photo
_c21cm(Hb)
500 _aincludes bibliographical references and index
650 _aethnology
_97112
942 _2ddc
_cEN
_h305.8
_mBUR
999 _c38841
_d38841